01667nam a2200361 a 450000100060000000300080000600500170001400800410003102000270007202000310009903500190013004000320014904100080018108200260018910000380021524501760025325000200042926400610044930000320051033600260054233700260056833800360059450400510063065000600068165000650074165000560080665000740086265000730093670000300100970000310103970000270107077602080109786415BD-RjUL20260503125835.0260405s2020 cau ob 001 0 eng  a9781440844522q(ebook) z9781440844515q(paperback) a(BD-RjUL)86415 aDLCbengcDLCerdadBD-RjUL aeng00223a027.625bTHI 20201 aThomas, Nancy Pickering,eauthor.10aInformation literacy and information skills instruction :bnew directions for school libraries /cNancy Pickering Thomas, Sherry R. Crow, Judy A. Henning, and Jean Donham. aFourth edition. 1aSanta Barbara, California :bLibraries Unlimited,c2020. axix,272 p. :bill.;c26 cm. atextbtxt2rdacontent acomputerbc2rdamedia aonline resourcebcr2rdacarrier aIncludes bibliographical references and index. 0aLibrary orientation for school childrenzUnited States. 0aLibrary orientation for high school studentszUnited States. 0aSchool librariesxActivity programszUnited States. 0aInformation literacyxStudy and teaching (Elementary)zUnited States. 0aInformation literacyxStudy and teaching (Secondary)zUnited States.1 aCrow, Sherry R.,eauthor.1 aHenning, Judy A.,eauthor.1 aDonham, Jean,eauthor.08iPrint version:aThomas, Nancy Pickering.tInformation literacy and information skills instructionbFourth edition.dSanta Barbara, California : Libraries Unlimited, 2020.z9781440844515w(DLC) 2019055201